[Event "Trapiche Alagoano op 49th"]
[White "Felix Junior, Marcelo Jose"]
[Black "Moura, Raissa Baiense De M"]
[Site "Trapiche"]
[Round "5"]
[Result "1-0"]
[Date "2023.12.17"]
[WhiteElo "2128"]
[BlackElo "1785"]
[PlyCount "57"]
[EventDate "2023.12.15"]
[EventType "swiss"]
[EventRounds "6"]
[EventCountry "BRA"]
[SourceTitle "CBM 217 Extra"]
[Source "ChessBase"]
[SourceDate "2024.01.31"]
[SourceVersion "1"]
[SourceVersionDate "2024.01.31"]
[SourceQuality "1"]

1. e4 c6 2. d4 d5 3. e5 c5 4. Nf3 Nc6 5. Bb5 e6 6. c3 cxd4 7. Bxc6+ bxc6 8. cxd4 c5 9. 0-0 cxd4 10. Qxd4 Ne7 11. Bg5 h6 12. Qh4 Rg8 13. Bd2 g5 14. Qg4 Nf5 15. Nc3 Bb7 16. Rac1 a6 17. Rfd1 Be7 18. Be1 Ng7 19. Qa4+ Kf8 20. Ne4 g4 21. Nf6 Bxf6 22. exf6 Nf5 23. Bb4+ Nd6 24. Ne5 a5 25. Ba3 Ra7 26. Nd7+ Ke8 27. Nc5+ Kf8 28. Nxb7 Rxb7 29. Bxd6+ 1-0

[Event "Trapiche Alagoano op 49th"]
[White "Moura, Raissa Baiense De M"]
[Black "Medeiros, Pedro De Andrade So"]
[Site "Trapiche"]
[Round "3"]
[Result "1-0"]
[Date "2023.12.16"]
[WhiteElo "1785"]
[BlackElo "1824"]
[PlyCount "109"]
[EventDate "2023.12.15"]
[EventType "swiss"]
[EventRounds "6"]
[EventCountry "BRA"]
[SourceTitle "CBM 217 Extra"]
[Source "ChessBase"]
[SourceDate "2024.01.31"]
[SourceVersion "1"]
[SourceVersionDate "2024.01.31"]
[SourceQuality "1"]

1. e4 Nc6 2. d4 d5 3. e5 Bf5 4. c3 e6 5. Bd3 Bxd3 6. Qxd3 Qd7 7. Nf3 f6 8. 0-0 fxe5 9. dxe5 0-0-0 10. b4 h6 11. a4 Nge7 12. a5 a6 13. Na3 Na7 14. Nd4 Nec6 15. f4 Nxd4 16. Qxd4 Nc6 17. Qd3 d4 18. b5 axb5 19. Qxb5 Qd5 20. a6 Qxb5 21. Nxb5 bxa6 22. Rxa6 Kb7 23. Ra2 Bc5 24. cxd4 Nxd4 25. Nxd4 Bxd4+ 26. Kh1 Rhf8 27. Bb2 Be3 28. g3 Rd2 29. Rb1 Kc6 30. Ra3 Bc5 31. Rb3 g5 32. Bc1 Rd1+ 33. Kg2 g4 34. h3 Rg1+ 35. Kh2 h5 36. Rc3 Re1 37. Rxc5+ Kxc5 38. Ba3+ Kc4 39. Rxe1 Ra8 40. Be7 Ra2+ 41. Kh1 Kd3 42. hxg4 hxg4 43. Bg5 Rf2 44. Kg1 Rf3 45. Kg2 Kd2 46. Ra1 Kc2 47. Ra6 c5 48. Rxe6 c4 49. Rc6 c3 50. e6 Kd3 51. e7 Re3 52. f5 Re2+ 53. Kf1 Re5 54. Rxc3+ Kxc3 55. Bf6 1-0

[Event "Trapiche Alagoano op 49th"]
[White "Moura, Raissa Baiense De M"]
[Black "Galvao, Joao Paulo de Freit"]
[Site "Trapiche"]
[Round "1"]
[Result "1-0"]
[Date "2023.12.15"]
[WhiteElo "1785"]
[BlackElo "1952"]
[PlyCount "75"]
[EventDate "2023.12.15"]
[EventType "swiss"]
[EventRounds "6"]
[EventCountry "BRA"]
[SourceTitle "CBM 217 Extra"]
[Source "ChessBase"]
[SourceDate "2024.01.31"]
[SourceVersion "1"]
[SourceVersionDate "2024.01.31"]
[SourceQuality "1"]

1. e4 c6 2. d4 d5 3. Nc3 dxe4 4. Nxe4 Bf5 5. Ng3 Bg6 6. Nf3 Nd7 7. h4 h6 8. h5 Bh7 9. Bd3 Bxd3 10. Qxd3 e6 11. Bd2 Ngf6 12. Ne4 Qb6 13. 0-0-0 a5 14. Nxf6+ Nxf6 15. Qe2 a4 16. Bf4 a3 17. b3 Nd5 18. Bd2 Bb4 19. Qd3 Qa5 20. c4 Bxd2+ 21. Qxd2 Nb4 22. Kb1 Qf5+ 23. Kc1 Qa5 24. Rhe1 0-0 25. Re5 Qb6 26. g4 Rad8 27. Kb1 Rfe8 28. g5 hxg5 29. Rxg5 Re7 30. Rdg1 f6 31. Rg6 e5 32. h6 e4 33. Rxg7+ Rxg7 34. Rxg7+ Kf8 35. Qf4 c5 36. Qxe4 Re8 37. Qh7 Qe6 38. Qh8+ 1-0